| 000 | 00806nam a2200277 a 4500 | ||
|---|---|---|---|
| 003 | AR-BaBNM | ||
| 005 | 20251128204628.0 | ||
| 008 | 082120s2002 ||||||||||||||000 | spa|| | ||
| 040 | _cAR-BaBNM | ||
| 100 | 1 | _aRosal, Oscar C. del | |
| 245 | 0 | 0 |
_aLa comunicación docente-discente _bdidáctica, observación y práctica de la enseñanza. 1 |
| 250 | _a1ª ed. | ||
| 260 |
_aBuenos Aires _bPlus Ultra _c1981 |
||
| 300 |
_a262 p. _bil., gráfs., tablas |
||
| 650 | 4 | _aDIDACTICA | |
| 650 | 4 | _aPRACTICA DOCENTE | |
| 650 | 4 | _aOBSERVACION DE LA CLASE | |
| 650 | 4 | _aCOMUNICACION EN LA CLASE | |
| 650 | 4 | _aCOMUNICACION VERBAL | |
| 650 | 4 | _aRELACION ALUMNO-DOCENTE | |
| 650 | 4 | _aMOTIVACION DEL ALUMNO | |
| 650 | 4 | _aATENCION | |
| 650 | 4 | _aRESPONSABILIDAD DEL DOCENTE | |
| 942 | _cBK | ||
| 998 | _cCarmen | ||
| 999 |
_c8144 _d8144 |
||